000 00459nam a2200169Ia 4500
008 240729s9999 xx 000 0 und d
022 _a2468-256X
245 0 _aJournal of Natural Gas Geoscience
260 _aChina
260 _bKeAi Communications Co., Ltd.
650 _a Chemical technology
650 _a Gas industry
650 _aTechnology
856 _uhttps://doaj.org/toc/f6ec450b88e44265aff2463c9779ddd2
942 _2ddc
942 _cDOAJEJ
999 _c67623
_d67623
945 _a1
_bMadushi Gamage
_c1
_dMadushi Gamage